[Event "4NCL Online Division 3"]
[Site "online"]
[Date "2020.05.19"]
[Round "7.14"]
[White "Layhe, Neville"]
[Black "Eggl, Maximilian"]
[Result "1-0"]
[WhiteElo "1607"]
[BlackElo "1622"]
[PlyCount "69"]
[EventDate "2020.05.19"]
[WhiteTeam "Crewe"]
[BlackTeam "3 Smarties 1 Tube"]

1. d4 d5 2. e3 c5 3. c3 Nf6 4. Bd3 e6 5. Nd2 Nc6 6. f4 Bd7 7. Ngf3 Qc7 8. Ne5
Bd6 9. O-O O-O 10. g4 Ne8 11. g5 Bxe5 12. fxe5 cxd4 13. exd4 g6 14. Rf6 Nxf6
15. gxf6 Nxe5 16. dxe5 Qxe5 17. Nf3 Qxf6 18. Bg5 Qg7 19. Qd2 Rfc8 20. Qf4 f5
21. Qh4 h5 22. Bf6 Qh6 23. Re1 Re8 24. Bg5 Qf8 25. Ne5 Qg7 26. Bf6 Qh7 27. Qg5
Bc6 28. Nxg6 Kf7 29. Ne5+ Kf8 30. Be2 Qg8 31. Ng6+ Kf7 32. Bxh5 Qh7 33. Ne5+
Kf8 34. Bg6 Qh3 35. Re3 1-0

[Event "4NCL Online Division 3"]
[Site "online"]
[Date "2020.05.19"]
[Round "7.21"]
[White "Waterfield, John W"]
[Black "Hylands, Liam M"]
[Result "1-0"]
[WhiteElo "1943"]
[BlackElo "1912"]
[PlyCount "107"]
[EventDate "2020.05.19"]
[WhiteTeam "Abergavenny and Friends"]
[BlackTeam "Streatham B"]

1. e4 c5 2. Nf3 e6 3. d4 cxd4 4. Nxd4 Nf6 5. Nc3 d6 6. Be2 a6 7. Be3 Qc7 8. O-O
b5 9. a3 Bb7 10. Bd3 Nbd7 11. f4 Nc5 12. Qf3 Be7 13. Rac1 O-O 14. b4 Ncd7 15.
Nb1 Nb6 16. Nd2 Nc4 17. Bxc4 bxc4 18. c3 a5 19. Ra1 Nd7 20. Qe2 Rfc8 21. f5 e5
22. Nb5 Qb8 23. Rfd1 Bc6 24. a4 axb4 25. cxb4 Bxb5 26. axb5 Rxa1 27. Rxa1 c3
28. Nb3 d5 29. Ra7 Rc7 30. Rxc7 Qxc7 31. exd5 Bxb4 32. Qd3 h6 33. Na1 Qd6 34.
Nc2 Ba5 35. Qc4 Nb6 36. Bxb6 Bxb6+ 37. Kf1 Qd7 38. g4 h5 39. h3 hxg4 40. hxg4
Qd8 41. Qc6 e4 42. d6 e3 43. Ke2 Qh4 44. Qxb6 Qf2+ 45. Kd3 Qd2+ 46. Kc4 Qxc2
47. d7 Qa4+ 48. Kxc3 Qa3+ 49. Kd4 Qb4+ 50. Kd5 Qd2+ 51. Kc6 Qg2+ 52. Kc7 Qh2+
53. Kc8 Qc2+ 54. Qc7 1-0

[Event "4NCL Online Division 3"]
[Site "online"]
[Date "2020.05.19"]
[Round "7.22"]
[White "Titorenko, Kostyantyn"]
[Black "Parry, Matthew"]
[Result "1-0"]
[WhiteElo "1930"]
[BlackElo "1903"]
[PlyCount "38"]
[EventDate "2020.05.19"]
[WhiteTeam "Streatham B"]
[BlackTeam "Abergavenny and Friends"]

1. e4 Nf6 2. e5 Nd5 3. d4 Nb6 4. Nf3 d5 5. a4 a5 6. Nc3 Bg4 7. h3 Bxf3 8. Qxf3
e6 9. Bd3 c5 10. Bb5+ Nc6 11. dxc5 Nd7 12. Qg3 Ncxe5 13. Qxe5 Bxc5 14. Qxg7 Rf8
15. O-O Qb6 16. Bg5 Be7 17. Rae1 Bxg5 18. Qxg5 f6 19. Qe3 Kf7 1-0

[Event "4NCL Online Division 3"]
[Site "online"]
[Date "2020.05.19"]
[Round "7.23"]
[White "Keene, Alan"]
[Black "Smith, Martin G"]
[Result "1-0"]
[WhiteElo "1840"]
[BlackElo "1945"]
[PlyCount "52"]
[EventDate "2020.05.19"]
[WhiteTeam "Abergavenny and Friends"]
[BlackTeam "Streatham B"]

1. Nf3 g6 2. g3 Bg7 3. Bg2 d6 4. O-O Nd7 5. d4 e6 6. e4 Ne7 7. Re1 O-O 8. Be3
h6 9. Nc3 a6 10. Qd2 Kh7 11. h4 Nf6 12. Nh2 Rb8 13. Rad1 b5 14. g4 b4 15. Ne2
Bb7 16. Ng3 d5 17. f3 Qd7 18. g5 hxg5 19. hxg5 Nh5 20. Qf2 Rh8 21. Ng4 Nxg3 22.
Qxg3 Kg8 23. Nf6+ Bxf6 24. gxf6 Nc6 25. Kf2 Qd8 26. e5 Rh5 1-0

[Event "4NCL Online Division 3"]
[Site "online"]
[Date "2020.05.19"]
[Round "7.31"]
[White "Smith, Simon"]
[Black "Thomson, Neil"]
[Result "1-0"]
[WhiteElo "1966"]
[BlackElo "1960"]
[PlyCount "81"]
[EventDate "2020.05.19"]
[WhiteTeam "Beverley Vikings"]
[BlackTeam "Four Horsemen"]

1. e4 e5 2. Nf3 Nc6 3. Bb5 a6 4. Ba4 Nf6 5. O-O Be7 6. Re1 b5 7. Bb3 d6 8. c3
O-O 9. h3 Bb7 10. d4 Re8 11. a4 Na5 12. Bc2 b4 13. cxb4 Nc6 14. Nc3 exd4 15.
Nxd4 Nxb4 16. Bb3 Bf8 17. a5 d5 18. exd5 Nbxd5 19. Bg5 Qd6 20. Nf5 Qd7 21. Rxe8
Rxe8 22. Nxd5 Nxd5 23. Ne3 c6 24. Qd3 Nf6 25. Qxd7 Nxd7 26. Rd1 Nc5 27. Bc4 Ne4
28. Rd7 Nd6 29. Bb3 c5 30. Bf4 Bc8 31. Rxd6 Bxd6 32. Bxd6 Rd8 33. Bxc5 Rd2 34.
Bc2 g6 35. b4 f5 36. Bb3+ Kg7 37. f4 h6 38. Bd5 g5 39. g3 Kf6 40. Bc6 Rb2 41.
Bd4+ 1-0

[Event "4NCL Online Division 3"]
[Site "online"]
[Date "2020.05.19"]
[Round "7.32"]
[White "Gillespie, David Paul"]
[Black "Vleeshhouwer, Douglas"]
[Result "1/2-1/2"]
[WhiteElo "1862"]
[BlackElo "1960"]
[PlyCount "86"]
[EventDate "2020.05.19"]
[WhiteTeam "Four Horsemen"]
[BlackTeam "Beverley Vikings"]

1. d4 d6 2. e4 Nf6 3. Nc3 Nbd7 4. Nf3 e5 5. Bc4 Be7 6. O-O O-O 7. h3 c6 8. a4
a5 9. Qe2 Qc7 10. Be3 h6 11. Rad1 Re8 12. Bb3 Bf8 13. dxe5 Nxe5 14. Nd4 Be6 15.
Nxe6 fxe6 16. f4 Nf7 17. Qf3 d5 18. e5 Nh7 19. Kh1 Rab8 20. Ne2 c5 21. c3 c4
22. Bc2 b5 23. axb5 Nh8 24. Bd4 g6 25. Qg4 Qg7 26. Ra1 h5 27. Qg3 Ra8 28. Ra4
Be7 29. h4 Reb8 30. b6 Bd8 31. Qf2 Ra6 32. Rfa1 Bxb6 33. Bxb6 Raxb6 34. Nd4 Nf8
35. Rxa5 Rxb2 36. Qg3 R2b6 37. Qg5 Nh7 38. Qg3 Nf8 39. Ra6 R8b7 40. Qg5 Nf7 41.
Qg3 Nh8 42. Qg5 Nf7 43. Qg3 Nh8 1/2-1/2

[Event "4NCL Online Division 3"]
[Site "online"]
[Date "2020.05.19"]
[Round "7.33"]
[White "Turner, Tim M"]
[Black "Murdochy, Shivan"]
[Result "1/2-1/2"]
[WhiteElo "1915"]
[BlackElo "1887"]
[PlyCount "71"]
[EventDate "2020.05.19"]
[WhiteTeam "Beverley Vikings"]
[BlackTeam "Four Horsemen"]

1. d4 Nf6 2. Nf3 d5 3. g3 e6 4. Bg2 b5 5. O-O Bb7 6. a4 b4 7. Nbd2 Nbd7 8. c4
c5 9. cxd5 Bxd5 10. Re1 cxd4 11. Nxd4 Bxg2 12. Kxg2 Nc5 13. N2f3 Be7 14. Nc6
Qd5 15. Nxe7 Qxd1 16. Rxd1 Kxe7 17. Be3 Rac8 18. Ne5 Nd5 19. Bxc5+ Rxc5 20. Nd3
Rc2 21. Kf3 f5 22. h4 Rhc8 23. e4 fxe4+ 24. Kxe4 R8c4+ 25. Kf3 a5 26. Rac1 b3
27. Rxc2 bxc2 28. Rc1 Nb4 29. Ne1 Kd6 30. Ke3 Kd5 31. f3 e5 32. Kd2 Rd4+ 33.
Ke2 Rc4 34. Kd2 Rd4+ 35. Ke2 Rc4 36. Kd2 1/2-1/2

[Event "4NCL Online Division 3"]
[Site "online"]
[Date "2020.05.19"]
[Round "7.34"]
[White "Wilkinson, Kevin"]
[Black "Johnstone, J Gerry"]
[Result "0-1"]
[WhiteElo "1392"]
[BlackElo "1570"]
[PlyCount "60"]
[EventDate "2020.05.19"]
[WhiteTeam "Four Horsemen"]
[BlackTeam "Beverley Vikings"]

1. c4 e6 2. Nc3 d5 3. e3 Nf6 4. Nf3 Be7 5. b3 O-O 6. Bb2 b6 7. Be2 Bb7 8. O-O
Nbd7 9. Rc1 c5 10. cxd5 Nxd5 11. Nxd5 Bxd5 12. Qc2 Nf6 13. Qc3 Bb7 14. Ng5 h6
15. Bf3 Qc7 16. Bxb7 Qxb7 17. Nh3 Rfd8 18. f3 Rac8 19. g4 Ne8 20. f4 Bf6 21.
Qc2 Bxb2 22. Qxb2 Rc7 23. g5 Rcd7 24. Rf2 Qe4 25. Rd1 Qf5 26. gxh6 Qg4+ 27. Kh1
Qxd1+ 28. Ng1 Rxd2 29. Rxd2 Qxd2 30. Qe5 Qd5+ 0-1

[Event "4NCL Online Division 3"]
[Site "online"]
[Date "2020.05.19"]
[Round "7.41"]
[White "Haydon, David L"]
[Black "Mashayekh, Majid"]
[Result "1-0"]
[WhiteElo "2294"]
[BlackElo "1881"]
[PlyCount "73"]
[EventDate "2020.05.19"]
[WhiteTeam "Brentwood"]
[BlackTeam "CSC 4"]

1. Nf3 Nf6 2. g3 d5 3. Bg2 e6 4. c4 c6 5. Qc2 Be7 6. O-O d4 7. d3 c5 8. b4 cxb4
9. a3 Nc6 10. Nbd2 O-O 11. Bb2 bxa3 12. Bxa3 Bxa3 13. Rxa3 Qe7 14. Rfa1 e5 15.
Ng5 Bg4 16. Bxc6 bxc6 17. f3 h6 18. Nge4 Nxe4 19. Nxe4 f5 20. Nf2 Bh5 21. Ra6
Qb7 22. Qa4 Be8 23. Qa5 Qe7 24. Rxa7 Rxa7 25. Qxa7 Rf7 26. Qb8 Qc7 27. Qxe8+
Rf8 28. Qe6+ Kh7 29. Ra6 Rf6 30. Qe8 c5 31. Rxf6 gxf6 32. Qe6 Kg6 33. Qg8+ Qg7
34. Qxg7+ Kxg7 35. g4 fxg4 36. fxg4 Kg6 37. Ne4 1-0

[Event "4NCL Online Division 3"]
[Site "online"]
[Date "2020.05.19"]
[Round "7.42"]
[White "Towers, Nigel S"]
[Black "Pert, Nina"]
[Result "0-1"]
[WhiteElo "1858"]
[BlackElo "1787"]
[PlyCount "166"]
[EventDate "2020.05.19"]
[WhiteTeam "CSC 4"]
[BlackTeam "Brentwood"]

1. e4 c6 2. d4 d5 3. exd5 cxd5 4. Bd3 Nc6 5. c3 Qc7 6. h3 g6 7. Ne2 Bf5 8. Bxf5
gxf5 9. Bf4 Qb6 10. Qb3 Qxb3 11. axb3 Nf6 12. Nd2 Bg7 13. Nf3 Ne4 14. Ng3 e6
15. b4 Rg8 16. b5 Ne7 17. Ne5 Nxg3 18. Bxg3 Bxe5 19. Bxe5 Rxg2 20. Bg3 f4 21.
Bxf4 Rg6 22. Ke2 Kd7 23. Rhg1 Nc8 24. Rg3 Nb6 25. b3 Ke7 26. Bc7 Nd7 27. Bf4
Kf6 28. h4 Ke7 29. h5 Rxg3 30. fxg3 Kf8 31. Bh6+ Ke8 32. g4 Nf6 33. Rg1 Ne4 34.
Kd3 Nd6 35. c4 dxc4+ 36. bxc4 Rc8 37. Ra1 Nxc4 38. Rxa7 Nb2+ 39. Ke4 b6 40. Bf4
Nc4 41. g5 Rd8 42. Rb7 Rd5 43. Rb8+ Ke7 44. Rh8 Rxb5 45. Rxh7 Kf8 46. g6 fxg6
47. hxg6 Rf5 48. Bh6+ Kg8 49. Rg7+ Kh8 50. Ra7 Ra5 51. Rh7+ Kg8 52. Kf4 Rf5+
53. Kg3 Rf6 54. Rg7+ Kh8 55. Kg4 Ne3+ 56. Kg5 Rf5+ 57. Kh4 Rf6 58. Rh7+ Kg8 59.
Kg5 Rf1 60. Rg7+ Kh8 61. Rb7 Rg1+ 62. Kh5 Rh1+ 63. Kg5 Rg1+ 64. Kf4 Nd5+ 65.
Ke5 Rxg6 66. Bf8 Kg8 67. Bd6 Ne3 68. Rb8+ Kh7 69. Bc7 Nc4+ 70. Kf4 Kh6 71. Kf3
Rf6+ 72. Ke2 Kh7 73. Bxb6 Nxb6 74. Rxb6 Kg6 75. Kd3 Kf5 76. Rb5+ Kf4 77. Re5
Rh6 78. Kc4 Rf6 79. Kc5 Rf5 80. Kd6 Rxe5 81. dxe5 Kf5 82. Kc5 Kxe5 83. Kc4 Ke4
0-1

[Event "4NCL Online Division 3"]
[Site "online"]
[Date "2020.05.19"]
[Round "7.43"]
[White "Molostvov, Dmitry M"]
[Black "Frostick, Helen M"]
[Result "1/2-1/2"]
[WhiteElo "1720"]
[BlackElo "1855"]
[PlyCount "129"]
[EventDate "2020.05.19"]
[WhiteTeam "Brentwood"]
[BlackTeam "CSC 4"]

1. d4 g6 2. c4 Bg7 3. Nc3 c6 4. e4 d6 5. Nf3 Nf6 6. Be2 O-O 7. O-O d5 8. e5 Ne8
9. cxd5 cxd5 10. Be3 Nc6 11. Qd2 Nc7 12. Bh6 a6 13. Bxg7 Kxg7 14. Ng5 f6 15.
exf6+ exf6 16. Nf3 Be6 17. Na4 Bf7 18. Rac1 Ne6 19. Nc5 Nxc5 20. Rxc5 Qd6 21.
Rfc1 Rfe8 22. a3 Qe6 23. Re1 Qd6 24. Rcc1 Rac8 25. Bf1 Re4 26. Bd3 Rxe1+ 27.
Rxe1 Re8 28. Rxe8 Bxe8 29. Qe3 Bf7 30. h4 Qe6 31. b4 Ne7 32. Qxe6 Bxe6 33. Kf1
h5 34. Nd2 Nf5 35. Bxf5 Bxf5 36. Ke2 g5 37. hxg5 fxg5 38. Nb3 Kf6 39. Nc5 Bc8
40. Ke3 Kf5 41. f3 h4 42. Kf2 g4 43. Nd3 gxf3 44. Kxf3 Kg5 45. Ne5 h3 46. gxh3
Bxh3 47. Nf7+ Kf6 48. Nd6 b5 49. Ne8+ Ke7 50. Nc7 Kd6 51. Nxa6 Bf1 52. Nc5 Bc4
53. Ke3 Bf1 54. Kd2 Bc4 55. Kc3 Bf1 56. a4 bxa4 57. Nxa4 Kc6 58. Nc5 Kb5 59.
Ne6 Bc4 60. Nc7+ Kb6 61. Ne6 Bf1 62. Nf4 Bc4 63. Ng2 Kc6 64. Ne3 Bb5 65. Nc2
1/2-1/2

[Event "4NCL Online Division 3"]
[Site "online"]
[Date "2020.05.19"]
[Round "7.44"]
[White "Kumar, Soham"]
[Black "Hughes, Gavin James"]
[Result "1-0"]
[WhiteElo "1742"]
[BlackElo "1773"]
[PlyCount "79"]
[EventDate "2020.05.19"]
[WhiteTeam "CSC 4"]
[BlackTeam "Brentwood"]

1. e4 d6 2. d4 Nf6 3. Nc3 Nbd7 4. Be3 e5 5. d5 Be7 6. Bd3 c6 7. dxc6 bxc6 8.
Nge2 Nf8 9. O-O Ne6 10. f4 Ng4 11. Qd2 d5 12. exd5 Nxe3 13. dxe6 Nxf1 14. exf7+
Kf8 15. Rxf1 e4 16. Nxe4 h6 17. Qc3 Qb6+ 18. Kh1 Be6 19. f5 Bxf7 20. f6 gxf6
21. Nxf6 Qb7 22. Nd7+ Kg8 23. Bc4 Rh7 24. Ne5 Bd5 25. Ng6 Rg7 26. Nef4 Bg5 27.
Nxd5 cxd5 28. Bd3 Re8 29. Qc5 Rf7 30. Rd1 Re6 31. Qc3 Bf6 32. Qa5 Kg7 33. Nf4
Re5 34. b3 d4 35. Qd2 Bg5 36. Rf1 Bxf4 37. Rxf4 Rxf4 38. Qxf4 Re1+ 39. Bf1 Qf7
40. Qg3+ 1-0

[Event "4NCL Online Division 3"]
[Site "online"]
[Date "2020.05.19"]
[Round "7.51"]
[White "Robertson, Mark M"]
[Black "Boardman, Jeffrey"]
[Result "1-0"]
[WhiteElo "2050"]
[BlackElo "1975"]
[PlyCount "55"]
[EventDate "2020.05.19"]
[WhiteTeam "Catford Cosmonauts 2"]
[BlackTeam "Railsport"]

1. e4 c5 2. Nf3 Nc6 3. d4 cxd4 4. Nxd4 e5 5. Nb5 a6 6. Nd6+ Bxd6 7. Qxd6 Qf6 8.
Qxf6 Nxf6 9. Nc3 Nb4 10. Kd2 d5 11. a3 d4 12. axb4 dxc3+ 13. bxc3 Nxe4+ 14. Ke3
Nxc3 15. Bc4 Bf5 16. Bb2 Rc8 17. Bb3 f6 18. f4 Ke7 19. fxe5 fxe5 20. Ra5 Rhd8
21. Rxe5+ Kf6 22. Rc5 Re8+ 23. Kf3 Rxc5 24. bxc5 Kg5 25. h4+ Kh5 26. Bf7+ Bg6
27. g4+ Kh6 28. Bc1+ 1-0

[Event "4NCL Online Division 3"]
[Site "online"]
[Date "2020.05.19"]
[Round "7.52"]
[White "McGovern, Derek P"]
[Black "Gluckman, Tim"]
[Result "0-1"]
[WhiteElo "1855"]
[BlackElo "1907"]
[PlyCount "78"]
[EventDate "2020.05.19"]
[WhiteTeam "Railsport"]
[BlackTeam "Catford Cosmonauts 2"]

1. e4 g6 2. Nf3 Bg7 3. d4 d6 4. Nc3 e6 5. Be3 Nd7 6. Qd2 a6 7. a3 b5 8. Bd3 Bb7
9. O-O h6 10. h3 c5 11. dxc5 dxc5 12. Rfd1 Ne7 13. Nxb5 axb5 14. Bxb5 Bc6 15.
Bxc6 Nxc6 16. Qd6 Rc8 17. c3 Qe7 18. Qd3 Rc7 19. a4 O-O 20. Rab1 Ra8 21. b3
Nce5 22. Nxe5 Nxe5 23. Qd2 c4 24. f4 Nd7 25. b4 Rxa4 26. Ra1 Rxa1 27. Rxa1 e5
28. f5 gxf5 29. exf5 e4 30. Bxh6 Qf6 31. Ra8+ Kh7 32. Bxg7 Kxg7 33. Qf4 Qb6+
34. Kh1 Nb8 35. Qg4+ Kf8 36. Qxe4 Re7 37. Qxc4 Re1+ 38. Kh2 Qd6+ 39. g3 Qd2+
0-1

[Event "4NCL Online Division 3"]
[Site "online"]
[Date "2020.05.19"]
[Round "7.53"]
[White "Allen, John P"]
[Black "Mugalu, Hassan"]
[Result "0-1"]
[WhiteElo "1915"]
[BlackElo "1847"]
[PlyCount "126"]
[EventDate "2020.05.19"]
[WhiteTeam "Catford Cosmonauts 2"]
[BlackTeam "Railsport"]

1. e4 c6 2. d4 d5 3. Nc3 dxe4 4. Nxe4 Bf5 5. Ng3 Bg6 6. Nf3 Nd7 7. Bd3 e6 8.
O-O Ngf6 9. Re1 Be7 10. b3 Bxd3 11. Qxd3 O-O 12. Bb2 a5 13. c4 a4 14. Bc3 Qb6
15. Reb1 Qc7 16. b4 Rfd8 17. Qe2 Re8 18. Ne5 Nxe5 19. dxe5 Nd7 20. f4 Nb6 21.
Ne4 Rad8 22. Rd1 Rxd1+ 23. Rxd1 Rd8 24. Nd6 Nc8 25. c5 b6 26. Qe4 bxc5 27. bxc5
a3 28. Rb1 f5 29. Qc4 Bxd6 30. Qxe6+ Qf7 31. Qxf7+ Kxf7 32. exd6 Rd7 33. Rb3
Na7 34. Rb6 Ke6 35. Bb4 Kd5 36. Bxa3 Nb5 37. Bb4 Ra7 38. a3 h6 39. Kf2 g5 40.
Kf3 Nxa3 41. Bxa3 Rxa3+ 42. Kf2 Kxc5 43. d7 Rd3 44. Rb7 g4 45. Ke2 Rd6 46. Ke3
Kd5 47. h3 h5 48. hxg4 hxg4 49. g3 c5 50. Rc7 c4 51. Kd2 Kd4 52. Kc2 Ke3 53.
Rxc4 Rd2+ 54. Kc3 Rxd7 55. Rc5 Ke4 56. Re5+ Kf3 57. Rxf5 Kxg3 58. Rf8 Kf2 59.
f5 g3 60. f6 g2 61. Rg8 g1=Q 62. Rxg1 Kxg1 63. Kc4 Rf7 0-1

[Event "4NCL Online Division 3"]
[Site "online"]
[Date "2020.05.19"]
[Round "7.54"]
[White "Broad, Michael J"]
[Black "Alvares, Owen"]
[Result "0-1"]
[WhiteElo "1720"]
[BlackElo "1840"]
[PlyCount "120"]
[EventDate "2020.05.19"]
[WhiteTeam "Railsport"]
[BlackTeam "Catford Cosmonauts 2"]

1. d4 d5 2. c4 dxc4 3. e4 b5 4. a4 c6 5. Nf3 e6 6. Nc3 Bd7 7. d5 exd5 8. exd5
a6 9. dxc6 Bxc6 10. Qxd8+ Kxd8 11. axb5 axb5 12. Rxa8 Bxa8 13. Nxb5 Bxf3 14.
gxf3 Bb4+ 15. Bd2 Bxd2+ 16. Kxd2 Ne7 17. Bxc4 f5 18. Ra1 Nec6 19. Be6 g6 20.
Ra8 Ke7 21. Bb3 Rd8+ 22. Ke3 Rd7 23. f4 Kf6 24. Ba4 Re7+ 25. Kf3 Rb7 26. b3 Rb6
27. Ke3 Nb4 28. Kd4 Nd7 29. Ra7 Nc6+ 30. Kc4 Nxa7 31. Nxa7 Rb7 32. Nb5 Ke6 33.
Nd4+ Kd6 34. Nb5+ Ke6 35. Nd4+ Ke7 36. Kd5 Nf6+ 37. Kc6 Rb8 38. Kc7 Rf8 39.
Nc6+ Ke6 40. b4 Nd5+ 41. Kb7 Rf7+ 42. Ka6 Kd6 43. b5 Kc5 44. Bb3 Rf6 45. Ka5
Rxc6 46. bxc6 Kxc6 47. Ka4 Kc5 48. Bd1 Nxf4 49. Kb3 Kd4 50. Kc2 Nd3 51. f3 Ke3
52. Kc3 h6 53. Bc2 Ne1 54. Bd1 Nxf3 55. h3 h5 56. Kc4 Ng1 57. Kd5 Nxh3 58. Ke5
h4 59. Kf6 Nf4 60. Kg5 h3 0-1

[Event "4NCL Online Division 3"]
[Site "online"]
[Date "2020.05.19"]
[Round "7.61"]
[White "Murphy, Sean J"]
[Black "Rahman, Asad"]
[Result "1-0"]
[WhiteElo "1990"]
[BlackElo "2095"]
[PlyCount "155"]
[EventDate "2020.05.19"]
[WhiteTeam "Cork"]
[BlackTeam "Harrow 2"]

1. d4 d5 2. c4 c6 3. Nc3 Nf6 4. Nf3 g6 5. cxd5 cxd5 6. Bf4 Nc6 7. e3 a6 8. Ne5
Bg7 9. Nxc6 bxc6 10. Bd3 Nh5 11. Bg3 Nxg3 12. hxg3 e5 13. dxe5 Bxe5 14. O-O O-O
15. Rc1 Rb8 16. b3 a5 17. Na4 Bd7 18. e4 Rb4 19. Nc5 Be8 20. Qe2 Bd4 21. Rfd1
Qd6 22. Na6 Rb6 23. Qf3 c5 24. e5 Qc6 25. Bf1 Qe6 26. Nxc5 Qxe5 27. Nd3 Qe4 28.
Nf4 Bb2 29. Nxd5 Qxf3 30. gxf3 Bxc1 31. Nxb6 Ba3 32. Nc4 Bb4 33. a3 Be7 34. Re1
Bf6 35. Re3 a4 36. Nd6 Bc6 37. b4 Rd8 38. Ne4 Bb2 39. b5 Bb7 40. Nc5 Bc8 41. b6
Bd4 42. Rd3 Bf5 43. Rxd4 Rxd4 44. b7 Rd8 45. Na6 Kf8 46. b8=Q Rxb8 47. Nxb8 Ke7
48. Bb5 Bc2 49. Nc6+ Kd6 50. Nd4 Bd1 51. Be2 Bb3 52. Nxb3 axb3 53. Bd1 b2 54.
Bc2 Kc5 55. g4 Kc4 56. Kg2 Kc3 57. Bb1 Kb3 58. Kg3 Kxa3 59. Kf4 Kb3 60. Kg5 Kc3
61. Kf6 Kd2 62. Kxf7 Ke2 63. f4 Kf3 64. f5 Kxg4 65. f6 h5 66. Kxg6 h4 67. f7 h3
68. f8=Q h2 69. Qh8 Kf3 70. Qxh2 Ke2 71. f4+ Kd1 72. Qc2+ Ke1 73. f5 Kf1 74. f6
Ke1 75. f7 Kf1 76. f8=Q+ Kg1 77. Qff2+ Kh1 78. Qh2# 1-0

[Event "4NCL Online Division 3"]
[Site "online"]
[Date "2020.05.19"]
[Round "7.62"]
[White "Walkusz, Miroslaw"]
[Black "De Jonge, Henk"]
[Result "1-0"]
[WhiteElo "1939"]
[BlackElo "1945"]
[PlyCount "115"]
[EventDate "2020.05.19"]
[WhiteTeam "Harrow 2"]
[BlackTeam "Cork"]

1. d4 Nf6 2. c4 g6 3. Nc3 Bg7 4. e4 d6 5. Be2 O-O 6. Nf3 Nbd7 7. O-O e5 8. d5
Nc5 9. Qc2 a5 10. Bg5 h6 11. Be3 b6 12. Nd2 Ng4 13. Bxg4 Bxg4 14. a3 Na6 15.
Rab1 Bd7 16. b4 axb4 17. axb4 f5 18. b5 f4 19. Bxb6 cxb6 20. bxa6 Rxa6 21. Ra1
Qa8 22. Qb2 Rc8 23. Rxa6 Qxa6 24. Ra1 Qb7 25. Qb4 Bf8 26. h3 Ra8 27. Rxa8 Qxa8
28. Qxb6 Qa1+ 29. Ndb1 Kf7 30. Qc7 Ke8 31. c5 dxc5 32. Qxe5+ Kf7 33. Qxf4+ Kg8
34. Qb8 Qa6 35. e5 Bf5 36. e6 Qd6 37. Qxd6 Bxd6 38. Nd2 Kf8 39. Nce4 Ke7 40. g4
Bf4 41. gxf5 gxf5 42. Ng3 Bxd2 43. Nxf5+ Kf6 44. e7 Kf7 45. d6 Bg5 46. f4 Bf6
47. Kf1 h5 48. Ke2 c4 49. Ke3 c3 50. Kd3 Ke8 51. Kc2 Kd7 52. Ne3 Bd4 53. Nf5
Bf6 54. Kd3 Ke8 55. Ne3 Kd7 56. Nd5 Bd4 57. Nc7 c2 58. e8=Q+ 1-0

[Event "4NCL Online Division 3"]
[Site "online"]
[Date "2020.05.19"]
[Round "7.63"]
[White "Lawrence, Simon"]
[Black "Lakhani, Kishan"]
[Result "0-1"]
[WhiteElo "1772"]
[BlackElo "1977"]
[PlyCount "114"]
[EventDate "2020.05.19"]
[WhiteTeam "Cork"]
[BlackTeam "Harrow 2"]

1. d4 Nf6 2. Nc3 d6 3. e4 g6 4. Nf3 Bg7 5. h3 O-O 6. Be3 e5 7. Qd2 Nbd7 8. Bc4
Nb6 9. Bb3 exd4 10. Nxd4 Re8 11. Qd3 Nfd7 12. Nf3 Nc5 13. Bxc5 dxc5 14. Qxd8
Rxd8 15. Nd5 Bxb2 16. Rb1 Nxd5 17. Bxd5 Bc3+ 18. Ke2 c6 19. Bb3 b5 20. a3 c4
21. Ba2 Re8 22. Rhd1 Rxe4+ 23. Kf1 Be6 24. Ng5 Rd4 25. Nxe6 fxe6 26. Rxd4 Bxd4
27. Rd1 Bc5 28. a4 a6 29. Rd7 Ra7 30. Rd8+ Kg7 31. Rc8 Kf6 32. Rxc6 Bd4 33. Ke2
Ke7 34. Rc8 Kd7 35. Rf8 Kc6 36. Rf3 Kc5 37. c3 Bg7 38. axb5 axb5 39. Bb1 Kd5
40. Kd2 e5 41. Rg3 Bh6+ 42. Kc2 Rf7 43. f3 Rf6 44. Kb2 Rd6 45. Be4+ Kc5 46. Rg4
Rd2+ 47. Bc2 Be3 48. h4 b4 49. cxb4+ Kxb4 50. h5 g5 51. Re4 Bd4+ 52. Kc1 Kc3
53. Bd1 Rxg2 54. Re1 h6 55. Rh1 Kd3 56. Rh3 Be3+ 57. Kb1 Rg1 0-1

[Event "4NCL Online Division 3"]
[Site "online"]
[Date "2020.05.19"]
[Round "7.64"]
[White "Dhemrait, Jagdeep"]
[Black "Foran, Barry"]
[Result "1-0"]
[WhiteElo "1982"]
[BlackElo "1605"]
[PlyCount "103"]
[EventDate "2020.05.19"]
[WhiteTeam "Harrow 2"]
[BlackTeam "Cork"]

1. e4 c6 2. Nc3 d5 3. d4 dxe4 4. Nxe4 Bf5 5. Ng3 Bg6 6. Nf3 Nd7 7. Be3 Ngf6 8.
Bd3 Bxd3 9. Qxd3 e6 10. O-O Be7 11. Rfd1 O-O 12. Ne2 c5 13. dxc5 Bxc5 14. Bxc5
Nxc5 15. Qb5 Qc7 16. Nc3 a6 17. Qe2 Rfd8 18. h3 b5 19. a3 Rac8 20. Rd2 Rxd2 21.
Nxd2 Rd8 22. Rd1 Qb7 23. Nde4 Rxd1+ 24. Qxd1 Qc7 25. Nxf6+ gxf6 26. Qg4+ Kh8
27. Qf3 Qd8 28. Qc6 Qd4 29. Qf3 Qe5 30. g3 Kg7 31. Kg2 Kg6 32. b4 Nd7 33. Ne2
Nb6 34. Qg4+ Qg5 35. Qe4+ Qf5 36. Nf4+ Kg7 37. Qxf5 exf5 38. Kf3 Nc4 39. Nd5
Nxa3 40. c3 Nc4 41. Ke2 a5 42. bxa5 Nxa5 43. Nc7 Nc4 44. Nxb5 Kg6 45. Nc7 Kg5
46. Nd5 h5 47. h4+ Kg6 48. Ne7+ Kg7 49. Nxf5+ Kg6 50. Ne3 f5 51. Nxc4 Kf6 52.
Kf3 1-0

[Event "4NCL Online Division 3"]
[Site "online"]
[Date "2020.05.19"]
[Round "7.71"]
[White "Cooper, John G"]
[Black "Finn, Peter"]
[Result "1/2-1/2"]
[WhiteElo "2096"]
[BlackElo "1959"]
[PlyCount "100"]
[EventDate "2020.05.19"]
[WhiteTeam "Hull Romans"]
[BlackTeam "CSC 3"]

1. e4 e5 2. Nf3 Nc6 3. Bc4 Nf6 4. d3 Be7 5. c3 O-O 6. Nbd2 d6 7. O-O Na5 8. Bb5
a6 9. Ba4 b5 10. Bc2 c5 11. Re1 Nc6 12. Nf1 Bg4 13. Ng3 h6 14. h3 Be6 15. Nf5
Bxf5 16. exf5 Nh7 17. d4 cxd4 18. cxd4 Nxd4 19. Nxd4 exd4 20. Qxd4 Bf6 21. Qd3
d5 22. a4 b4 23. a5 Qd6 24. Bb3 Rfd8 25. Ra4 Nf8 26. Rd1 Rac8 27. Bd2 Rb8 28.
Be1 Bxb2 29. Bxd5 Kh8 30. Qb3 Ba3 31. Bf3 Qe7 32. Rb1 Qc5 33. f6 Ne6 34. fxg7+
Kxg7 35. Bxb4 Bxb4 36. Rxb4 Nd4 37. Qb2 Rxb4 38. Qxb4 Qxb4 39. Rxb4 Nxf3+ 40.
gxf3 Rd1+ 41. Kg2 Ra1 42. Rg4+ Kf8 43. Rh4 Rxa5 44. Rxh6 Kg7 45. Rb6 Ra1 46. f4
a5 47. Kf3 a4 48. Ra6 a3 49. Kg4 a2 50. Kf5 Rh1 1/2-1/2

[Event "4NCL Online Division 3"]
[Site "online"]
[Date "2020.05.19"]
[Round "7.72"]
[White "Samarasinghe Jude, Ranga"]
[Black "Chesters, Tim"]
[Result "0-1"]
[WhiteElo "1924"]
[BlackElo "2062"]
[PlyCount "44"]
[EventDate "2020.05.19"]
[WhiteTeam "CSC 3"]
[BlackTeam "Hull Romans"]

1. e4 e5 2. Nf3 Nc6 3. Bc4 Nf6 4. Ng5 d5 5. exd5 Na5 6. Bb5+ c6 7. dxc6 bxc6 8.
Be2 h6 9. Nf3 e4 10. Ne5 Bc5 11. O-O Qd6 12. Ng4 Bxg4 13. Bxg4 h5 14. Be2 Ng4
15. g3 Nxh2 16. Kxh2 h4 17. Kg2 Bxf2 18. Rh1 Qxg3+ 19. Kf1 h3 20. Bg4 Qg2+ 21.
Ke2 Bd4+ 22. Ke1 Qf2# 0-1

[Event "4NCL Online Division 3"]
[Site "online"]
[Date "2020.05.19"]
[Round "7.73"]
[White "Gardiner, Eric D"]
[Black "Evans, Harry G"]
[Result "1/2-1/2"]
[WhiteElo "2016"]
[BlackElo "1915"]
[PlyCount "80"]
[EventDate "2020.05.19"]
[WhiteTeam "Hull Romans"]
[BlackTeam "CSC 3"]

1. e4 c6 2. Nc3 d5 3. Nf3 Bg4 4. h3 Bxf3 5. Qxf3 e6 6. Be2 Nd7 7. d4 dxe4 8.
Nxe4 Ngf6 9. c3 Qb6 10. O-O Be7 11. b4 Nxe4 12. Qxe4 Nf6 13. Qc2 O-O 14. Bf4 a5
15. a3 axb4 16. axb4 Nd5 17. Bg3 Rfc8 18. Bf3 h6 19. Qb2 Qb5 20. Be2 Qb6 21.
Rxa8 Rxa8 22. Ra1 Qd8 23. Ra3 b5 24. Qa1 Rxa3 25. Qxa3 Bg5 26. Bf3 Bd2 27. Qa6
Qd7 28. c4 Nxb4 29. Qa8+ Kh7 30. cxb5 cxb5 31. Qa1 Nd5 32. Qb1+ f5 33. Be5 Bg5
34. g4 Bf6 35. gxf5 exf5 36. Bxd5 Bxe5 37. dxe5 Qxd5 38. Qxf5+ Kh8 39. Qf8+ Qg8
40. Qc5 Qe8 1/2-1/2